| 000 | 01513nam a22001697a 4500 | ||
|---|---|---|---|
| 008 | 121205t xxu||||| |||| 00| 0 eng d | ||
| 020 | _a1934568430 | ||
| 050 | _aReference | ||
| 100 | _aMarx, Karl | ||
| 245 |
_aDas Kapital. / _cKarl Marx |
||
| 260 |
_aDubuque: _bSynergy International of the Americas, |
||
| 300 |
_a356 p.: _c24cm. |
||
| 505 | _aContents: Commodities and money: Commodities -- Exchange -- Money, the circulation of commodities -- The Transformation of money into capital: The General formula for capital -- Contradictions in the general formula of capital -- The Buying and selling of labour power -- The Production of absolute surplus-value: The Labour process and the process of producing surplus-value -- Constant capital and variable capital -- The Rate of surplus-value -- The Working day -- Rate and mass of surplus-value -- Production of relative surplus-value: The Concept of relative surplus-value -- Co-operation -- Division of labour and manufacture -- Machinery and modern industry -- Wages: The Transformation of the value (and respectively the price) of labour-power into wages -- Time-wages -- Piece-wages -- National differences of wages -- The Accumulation of capital: Simple reproduction -- Conversion of surplus value into capital -- The General law of capitalist accumulation -- The So-called primitive accumulation: The Secret of primitive accumulation -- Historical tendency of capitalist accumulation. | ||
| 650 | _bCapital. | ||
| 650 | _aCapital. | ||
| 942 |
_2lcc _cBK |
||
| 999 |
_c2637 _d10137 |
||